Postavenie, význam a úlohy asociácie obchodníkov s cennými papiermi

Asociácia obchodníkov s cennými papiermi vznikla v roku 1994. Postavenie, význam a úlohy asociácie.

Saved in:
Bibliographic Details
Main Author: Kopál, Róbert
Format: Book Chapter
Language:Slovak
Subjects:
Tags: Add Tag
No Tags, Be the first to tag this record!

MARC

LEADER 00000naa a2200000 4500
001 r046752
005 20220729103917.1
041 0 |a slo 
044 |a SK 
245 1 0 |a Postavenie, význam a úlohy asociácie obchodníkov s cennými papiermi  |c Róbert Kopál 
520 |a Asociácia obchodníkov s cennými papiermi vznikla v roku 1994. Postavenie, význam a úlohy asociácie. 
610 2 0 |a Asociácia obchodníkov s cennými papiermi 
610 2 0 |a združenia 
610 2 0 |a papiere cenné 
610 2 0 |a Slovensko 
610 2 0 |a 1994 
100 1 |a Kopál, Róbert